| 000 | 00371nam a22001577a 4500 | ||
|---|---|---|---|
| 003 | OSt | ||
| 008 | 250529b |||||||| |||| 00| 0 eng d | ||
| 020 | _a9789390594832 | ||
| 100 | _aNAAGIN, Neera Arya | ||
| 245 | _aMera Jeewan Sangarsh | ||
| 250 | _a1st | ||
| 260 |
_aNew Delhi _bEmpty Canvas Publishers _c2022 |
||
| 300 | _a208 | ||
| 650 | _aGeneral | ||
| 942 |
_2ddc _cBK |
||
| 999 |
_c13625 _d13625 |
||